Mathématiques par lettre - R - Statistiques

Statistiques générales
  • Ce quiz a été pris 347 fois
  • Le résultat moyen est 9 sur 15
Statistiques - réponses
Hint Réponse % Correct
Unité de mesure des angles Radian
92%
Quadrilatère dont les côtés sont perpendiculaires deux à deux Rectangle
89%
Transformation par glissement d'une figure en la faisant pivoter dans un plan Rotation
88%
Segment joignant le centre d'un cercle à un point du cercle Rayon
87%
Nombre qui peut s'exprimer sous la forme d'une fraction Rationnel
82%
Pour un polynôme, c'est la solution de l'équation lorsqu'on le compare à zéro (P(x) = 0) Racine
72%
Démonstration basée sur le principe suivant : pour qu'une propriété soit vérifiée par tout entier, il suffit qu'elle soit vérifiée en 0 et que si elle est vérifiée pour un entier alors elle l'est pour l'entier qui suit Récurrence
67%
Nombre avec une signe + ou - Relatif
65%
Axes ayant même origine permettant de désigner un point dans le plan ou l'espace Repère
59%
Cheminement qui, partant de propositions, en déduit d'autres propositions avec leur valeur de vérité Raisonnement
51%
Qui se définit en s’utilisant soi-même Récursif
27%
Relation binaire telle que tout élément est en relation avec lui-même Réflexivité
25%
Méthode de cryptage qui n'hésite pas à laisser sa clé connue de tous car le décodage est basé sur la factorisation de très grands nombres RSA
25%
Tous les éléments mis en commun Réunion
24%
Angle qui mesure de 180° à 360° Rentrant
10%
Aucun quiz correspondant
Distribution des résultats
% des personnes avec chaque résultat
Percentile par nombre de réponses
Votre historique - résultats
Vous n’avez pas pris ce quiz